000 00466nam a2200193Ia 4500
008 160105s9999 xx 000 0 und d
041 _afre
100 _aONS
110 _aOffice national des statistiques
245 _aDémographie algérienne
260 _aAlger
260 _bONS
260 _c2008
300 _btabl.
654 _xDEMOGRAPHIE/DONNEE STATISTIQUE/DYNAMIQUE DES POPULATIONS/ALGERIE
942 _c02
994 _a123928
999 _c23178
_d51176